Direito do Trabalho

Detalles Bibliográficos
Autor principal: Augusto de Mello, Cšar
Formato: Libro
Lenguaje:portugués
Publicado: LEUD Brasil 2007
Materias:
Acceso en línea:Acceso restringido

MARC

LEADER 00000nam a22000007a 4500
005 20160413142223.0
007 cr|||| ||u|
008 160413s2007 bl ||||| |||| 00||0 por d
020 |a 978-85-7456-222-3 
035 |a 14110 
040 |a vLex 
090 |c 5990  |d 5990 
100 1 |a Augusto de Mello, Cšar 
245 1 0 |a Direito do Trabalho  |h [Recurso electrn̤ico] /  |c Cšar Augusto de Mello  
256 |a Servicio en ln̕ea  
260 |a LEUD  |b Brasil  |c 2007 
300 |a 1 recurso electrn̤ico 
506 1 |a Contenido solo disponible en los productos indicados  |d vLex Global  |d vLex Global (Academic Edition, excluding Law Schools)  |d vLex Global (U.S. Academic Edition, Law Schools)  |d vLex Global (U.S. Academic Edition, excluding Law Schools)  |d vLex Global (Academic Edition, Law Schools) 
650 0 4 |a Derecho al trabajo  |z Brasil 
740 0 |a vLex libros (servicio en ln̕ea)  
856 4 0 |u http://vlex.com/source/direito-trabalho-14110  |z Acceso restringido  
942 |c BOOK 
999 0 |a Right to labor  |b Brasil